000 00595nam a2200217Ia 4500
003 GCL
008 140319s9999 xx 000 0 eng d
020 _a1857151321
040 _aGCL /
_cGCL
082 0 4 _a823
_bC A
100 1 _aCHOPIAN, KATE
245 1 0 _aTHE AWAKENING :
_bA SOLITARY /
_cCHOPIAN, KATE
700 1 _aSHOWALTER, ELAINE
260 _aانجلترا :
_bEVERYMAN'S LIBRARY ،
_c1992
300 _a21 CM ؛
_cXIVII, 221 P
490 _aTHE MILLENNIUM LIBRARY
_v132
650 0 4 _aENGLISH LITERATURE
650 0 4 _aLITERATURE
650 0 4 _aENGLISH FICTION
942 _2ddc
_cBK
999 _c5577
_d5577